Megkezdődtek a Szegedi Szabadtéri Játékok
Elmentve itt :
| Szerző: | |
|---|---|
| Dokumentumtípus: | Cikk |
| Megjelent: |
1978-07-23
|
| Sorozat: | Délmagyarország
68 No. 172 |
| Kulcsszavak: | Szabadtéri Játékok |
| Online Access: | http://dmarchiv.bibl.u-szeged.hu/123063 |
| LEADER | 00475nab a2200157 i 4500 | ||
|---|---|---|---|
| 001 | delm123063 | ||
| 005 | 20190516145900.0 | ||
| 008 | 190516s1978 hu o 0|| hun d | ||
| 040 | |a SZTE Délmagyarország Archívum |b hun | ||
| 041 | |a hun | ||
| 100 | 2 | |a Ács S. Sándor | |
| 245 | 1 | 0 | |a Megkezdődtek a Szegedi Szabadtéri Játékok |h [elektronikus dokumentum] / |c Ács S. Sándor |
| 260 | |c 1978-07-23 | ||
| 300 | |a 1 | ||
| 490 | 0 | |a Délmagyarország |v 68 No. 172 | |
| 695 | |a Szabadtéri Játékok | ||